000 00684nam a22002297a 4500
003 UA-OsUOA
001 77227
007 ta
008 20110906b un ||||| |||| 00| 0 ukr d
100 _aЗбаразький В.К.
700 _aЛиповяк-Мєлкозьорова А.І.
090 _a330(477)
_bЗ-41
942 _cSA
040 _aUA-OsUOA
_bukr
_cUA-OsUOA
_dUA-OsUOA
245 _aПрирода ризику, його джерела, критерії та оцінка
300 _aС.61-65
955 _a0
041 _aukr
080 _a330(477)
773 0 _w77222
_tЕкономіка АПК
_dК.
_d2011
_g8
650 7 _a330 Економіка взагалі
_2UDC
999 _c363535
_d363535